石垣島にあるものドボンクイズ - Statistics

General Stats
  • This quiz has been taken 52 times
  • The average score is 9 of 20
Answers on the Grid
Answers color-coded by a green-red scale on the quiz's grid according to % correct below.
A&W
ケンタッキーフライドチキン
マクドナルド
モスバーガー
大戸屋ごはん処
カレーハウスCoCo壱番屋
ミスタードーナツ
スターバックスコーヒー
ドン・キホーテ
サブウェイ
ゼッテリア
バーガーキング
吉野家
松屋
なか卯
餃子の王将
サイゼリヤ
びっくりドンキー
ドトールコーヒーショップ
ユニクロ
無印良品
信号機
ファミリーマート
セブンイレブン
ローソン
高等学校
灯台
国指定史跡
陸上自衛隊駐屯地
裁判所
ダム
市営球場
米軍基地
領事館
天文台 (国立天文台所轄のもの)
モノレール
重要港湾
デニーズ
コメダ珈琲店
かつや
 
Answer Stats
Answer % Correct
信号機
75%
高等学校
75%
マクドナルド
61%
ファミリーマート
61%
陸上自衛隊駐屯地
58%
灯台
56%
重要港湾
53%
スターバックスコーヒー
44%
市営球場
44%
天文台 (国立天文台所轄のもの)
44%
国指定史跡
39%
A&W
39%
ドン・キホーテ
36%
裁判所
36%
ケンタッキーフライドチキン
31%
モスバーガー
31%
ミスタードーナツ
31%
ダム
31%
カレーハウスCoCo壱番屋
11%
大戸屋ごはん処
6%
No matching quizzes found
Score Distribution
Percent of People with Each Score
Percentile by Number Answered
Your Score History
You have not taken this quiz